<?xml version="1.0" encoding="UTF-8"?>
<record
    xmlns:xsi="http://www.w3.org/2001/XMLSchema-instance"
    xsi:schemaLocation="http://www.loc.gov/MARC21/slim http://www.loc.gov/standards/marcxml/schema/MARC21slim.xsd"
    xmlns="http://www.loc.gov/MARC21/slim">

  <leader>02899cam a22003255a 4500</leader>
  <controlfield tag="001">17044062</controlfield>
  <controlfield tag="003">EG-ScBUE</controlfield>
  <controlfield tag="005">20220407103805.0</controlfield>
  <controlfield tag="008">111114s2012    enka   f b    001 0 eng d</controlfield>
  <datafield tag="020" ind1=" " ind2=" ">
    <subfield code="a">9781441181336 </subfield>
  </datafield>
  <datafield tag="040" ind1=" " ind2=" ">
    <subfield code="a">DLC</subfield>
    <subfield code="b">eng</subfield>
    <subfield code="e">rda</subfield>
    <subfield code="c">DLC</subfield>
    <subfield code="d">EG-ScBUE</subfield>
  </datafield>
  <datafield tag="082" ind1="0" ind2="4">
    <subfield code="2">22</subfield>
    <subfield code="a">410.1</subfield>
    <subfield code="b">CON</subfield>
  </datafield>
  <datafield tag="245" ind1="0" ind2="0">
    <subfield code="a">Contemporary corpus linguistics /</subfield>
    <subfield code="c">edited by Paul Baker.</subfield>
  </datafield>
  <datafield tag="264" ind1=" " ind2="1">
    <subfield code="a">London :</subfield>
    <subfield code="b">Continuum International Publishing Group,</subfield>
    <subfield code="c">2012.</subfield>
  </datafield>
  <datafield tag="300" ind1=" " ind2=" ">
    <subfield code="a">ix, 357 pages :</subfield>
    <subfield code="b">illustrations ;</subfield>
    <subfield code="c">25 cm.</subfield>
  </datafield>
  <datafield tag="336" ind1=" " ind2=" ">
    <subfield code="2">rdacontent</subfield>
    <subfield code="a">text</subfield>
    <subfield code="b">txt</subfield>
  </datafield>
  <datafield tag="337" ind1=" " ind2=" ">
    <subfield code="2">rdamedia</subfield>
    <subfield code="a">unmediated</subfield>
    <subfield code="b">n</subfield>
  </datafield>
  <datafield tag="338" ind1=" " ind2=" ">
    <subfield code="2">rdacarrier</subfield>
    <subfield code="a">volume</subfield>
    <subfield code="b">nc</subfield>
  </datafield>
  <datafield tag="490" ind1="0" ind2=" ">
    <subfield code="a">Continuum studies in Linguistics</subfield>
  </datafield>
  <datafield tag="504" ind1=" " ind2=" ">
    <subfield code="a">Includes bibliographical references and index.
</subfield>
  </datafield>
  <datafield tag="505" ind1=" " ind2=" ">
    <subfield code="a">1. Introduction, Paul Baker -- 2. Searching for Metaphorical Patterns in Corpora, Alice Deignan -- 3. Corpora and Critical Discourse Analysis, Gerlinde Mautner -- 4. Corpus stylistics and the Pickwickian watering-pot, Michaela Mahlberg -- 5. The metalanguage of impoliteness: Using Sketch Engine to explore the Oxford English Corpus, Jonathan Culpeper -- 6. Issues in the design and development of software tools for corpus studies: The case for collaboration, Laurence Anthony -- 7. Compatibility between corpus annotation efforts and its effect on computational linguistics, Adam Meyers -- 8. Spoken corpus analysis: Multimodal approaches to language description, Irina Dahlmann &amp; Svenja Adolphs -- 9. Fixed collocational patterns in isolexical and isotextual versions of a corpus, David Oakey -- 10. Corpus linguistics and language variation, Michael P. Oakes -- 11. Integrating learner corpus analysis into a probabilistic model of second language acquisition, Yukio Tono -- 12. English language teaching and corpus linguistics: Lessons from the American National Corpus, Randi Reppen -- 13. The impact of corpora of dictionaries, Patrick Hanks -- 14. Using corpora in translation studies: The state of the art, Richard Xiao &amp; Ming Yue -- 15. Corpus linguistics and the languages of South Asia: Some current research directions, Andrew Hardie -- 16. The web as corpus versus traditional corpora: Their relative utility for linguists and language learners, Robert Lew -- 17. Building and analyzing corpora of computer-mediated communication, Brian King.</subfield>
  </datafield>
  <datafield tag="520" ind1=" " ind2=" ">
    <subfield code="a">Corpus linguistics uses large electronic databases of language to examine hypotheses about language use. This book presents a comprehensive survey of the ways in which corpus linguistics is being used by researchers. It aims to provide a snapshot of the field of corpus linguistics. </subfield>
  </datafield>
  <datafield tag="650" ind1=" " ind2="7">
    <subfield code="a">Corpora (Linguistics).</subfield>
    <subfield code="2">BUEsh</subfield>
    <subfield code="9">40992</subfield>
  </datafield>
  <datafield tag="650" ind1=" " ind2="7">
    <subfield code="a">Computational linguistics.</subfield>
    <subfield code="2">BUEsh</subfield>
    <subfield code="9">4459</subfield>
  </datafield>
  <datafield tag="651" ind1=" " ind2=" ">
    <subfield code="2">BUEsh</subfield>
  </datafield>
  <datafield tag="653" ind1=" " ind2=" ">
    <subfield code="b">HHUUEENN</subfield>
    <subfield code="c">October2016</subfield>
  </datafield>
  <datafield tag="655" ind1=" " ind2=" ">
    <subfield code="v">Reading book</subfield>
    <subfield code="9">34232</subfield>
  </datafield>
  <datafield tag="700" ind1="1" ind2=" ">
    <subfield code="a">Baker, Paul,&#x200F; </subfield>
    <subfield code="d">1972-&#x200F; </subfield>
    <subfield code="9">40993</subfield>
    <subfield code="e">editor.</subfield>
  </datafield>
  <datafield tag="942" ind1=" " ind2=" ">
    <subfield code="2">ddc</subfield>
    <subfield code="e">22</subfield>
    <subfield code="k">410.1 CON</subfield>
    <subfield code="c">BB</subfield>
  </datafield>
  <datafield tag="999" ind1=" " ind2=" ">
    <subfield code="c">22459</subfield>
    <subfield code="d">22431</subfield>
  </datafield>
  <datafield tag="952" ind1=" " ind2=" ">
    <subfield code="0">0</subfield>
    <subfield code="1">0</subfield>
    <subfield code="2">ddc</subfield>
    <subfield code="4">0</subfield>
    <subfield code="7">0</subfield>
    <subfield code="8">Baccah</subfield>
    <subfield code="a">MAIN</subfield>
    <subfield code="b">MAIN</subfield>
    <subfield code="c">2ND</subfield>
    <subfield code="d">2016-10-05</subfield>
    <subfield code="e">Purchase</subfield>
    <subfield code="g">275.00</subfield>
    <subfield code="h">26103</subfield>
    <subfield code="l">1</subfield>
    <subfield code="m">6</subfield>
    <subfield code="o">410.1 CON</subfield>
    <subfield code="p">000033469</subfield>
    <subfield code="r">2025-07-15 00:00:00</subfield>
    <subfield code="s">2019-08-05</subfield>
    <subfield code="v">344.00</subfield>
    <subfield code="y">BB</subfield>
  </datafield>
</record>
